MAASAI MARA UNIVERSITY

LIBRARY CATALOGUE

Contact Us: +254 020 2685356/7 or 0774 057787

Box: 861-20500, NAROK, KENYA

Email: info@mmarau.ac.ke

Paciorek Michael J. (Record no. 4850)

MARC details
000 -LEADER
fixed length control field 00463nam a2200145Ia 4500
008 - FIXED-LENGTH DATA ELEMENTS--GENERAL INFORMATION
fixed length control field 151015s9999 xx 000 0 und d
020 ## - INTERNATIONAL STANDARD BOOK NUMBER
International Standard Book Number 1884125042
050 ## - LIBRARY OF CONGRESS CALL NUMBER
Classification number GV709.3.P33 1994
245 ## - TITLE STATEMENT
Title Paciorek Michael J.
250 ## - EDITION STATEMENT
Edition statement _Sports and Recreation for the Disabled (2 nd ed. ) / Michael J. Paciorek
300 ## - PHYSICAL DESCRIPTION
Extent New York : Cooper, 1994
500 ## - GENERAL NOTE
General note Includes index
650 ## - SUBJECT ADDED ENTRY--TOPICAL TERM
Topical term or geographic name as entry element _Sports and recreation for disabled
700 ## - ADDED ENTRY--PERSONAL NAME
Personal name ^d20130527 01:53:36^oanne

No items available.

© 2016 Maasai Mara University.